000 00777nam a2200181Ia 4500
008 090630s9999 xx 000 0 und d
082 _b23420
100 _aहार्लन कोबेन अनु. ठाकूर अजित.
245 _aगॉन फॉर गुड.
_cहार्लन कोबेन अनु. ठाकूर अजित.
260 _bमेहता पब्लिश हाऊस.
_c2005
300 _a376
600 _aहार्लन कोबेन अनु. ठाकूर अजित.
630 _aगॉन फॉर गुड.
655 _aकादंबरी.
700 _aहार्लन कोबेन अनु. ठाकूर अजित.
730 _aगॉन फॉर गुड.
942 _cBOOK
999 _c275276
_d275276